000 00912nam a2200277 c 4500
003 BLK
005 20180422120124.0
008 180411b bul|||||r ||||||| ||bul||
010 _aKNG00205768000
040 _aBLK
041 _aBUL
_cBUL
080 _aБългарска литература
_b821.163.2
_x-31
_z821.163.2-31
100 1 _aИгнатов, Рангел Георгиев
_eпърви автор
_9381998
139 _aИгнатов, Рангел Георгиев
_bИ 29
245 1 0 _aЦитаделата отговори
_bРоман
_cРангел Георгиев Игнатов.
257 _aBGR
260 София
_bОФ
_c1990
300 _a191 с.
_c20 см
380 _aX
500 _a20 200 тир.
852 _aЦб 164758
856 4 _qpdf
_u
856 4 _qpdf
_u
942 _cKNG
_n0
944 _aCR
_c03.05.2017
_kПравда_Бадева
944 _aED
_c03.05.2017
_kПравда_Бадева
999 _c196495
_d196495